Ted Bundy and the unsolved murder epidemic: the dark figure of crime
| 1. VerfasserIn: | |
|---|---|
| Medienart: | Druck Buch |
| Sprache: | Englisch |
| Veröffentlicht: |
Cham
Palgrave Macmillan
2023
|
| In: | Jahr: 2023 |
| Online-Zugang: |
Inhaltsverzeichnis Klappentext |
| Bestand in Tübingen: | In Tübingen vorhanden. UB: KB 21 A 2886 |
| Verfügbarkeit prüfen: | HBZ Gateway |
| Subito Bestelldienst: | Jetzt bestellen. |
| Schlagwörter: |
MARC
| LEADER | 00000cam a2200000 c 4500 | ||
|---|---|---|---|
| 001 | 1833778545 | ||
| 003 | DE-627 | ||
| 005 | 20251226205609.0 | ||
| 007 | tu | ||
| 008 | 230209s2023 xxk||||| 00| ||eng c | ||
| 020 | |a 9783031214172 |c hardback : £27.99 |9 978-3-031-21417-2 | ||
| 035 | |a (DE-627)1833778545 | ||
| 035 | |a (DE-599)KXP1833778545 | ||
| 040 | |a DE-627 |b ger |c DE-627 |e rda | ||
| 041 | |a eng | ||
| 044 | |c XA-GB | ||
| 072 | 7 | |a JKV |2 bicssc | |
| 072 | 7 | |a SOC004000 |2 bisacsh | |
| 082 | 0 | |a 364.15232092 |2 23 | |
| 084 | |a 2,1 |2 ssgn | ||
| 100 | 1 | |a DeLisi, Matt |e VerfasserIn |0 (DE-588)1057710989 |0 (DE-627)796179417 |0 (DE-576)184420946 |4 aut | |
| 109 | |a DeLisi, Matt |a Lisi, Matt de |a DeLisi, Matthew John | ||
| 245 | 1 | 0 | |a Ted Bundy and the unsolved murder epidemic |b the dark figure of crime |c Matt DeLisi |
| 263 | |a 202301 | ||
| 264 | 1 | |a Cham |b Palgrave Macmillan |c 2023 | |
| 300 | |a ix, 230 Seiten |c 21 cm | ||
| 336 | |a Text |b txt |2 rdacontent | ||
| 337 | |a ohne Hilfsmittel zu benutzen |b n |2 rdamedia | ||
| 338 | |a Band |b nc |2 rdacarrier | ||
| 583 | 1 | |a Archivierung/Langzeitarchivierung gewährleistet |f FID |x XA-DE-BW |2 pdager |5 DE-21 | |
| 600 | 1 | 0 | |a Bundy, Ted |
| 650 | 0 | |a Cold cases (Criminal investigation) |z United States | |
| 650 | 0 | |a Serial murderers |z United States | |
| 650 | 0 | |a Criminal Investigation |z United States | |
| 776 | 1 | |o 10.1007/978-3-031-21418-9 | |
| 776 | 1 | |z 9783031214189 |c PDF ebook : No price | |
| 856 | 4 | 2 | |u https://swbplus.bsz-bw.de/bsz1833778545inh.htm |m V:DE-576 |m B:DE-21 |v 20230325193336 |3 Inhaltsverzeichnis |7 1 |
| 856 | 4 | 2 | |u https://swbplus.bsz-bw.de/bsz1833778545kla.htm |m V:DE-576 |m B:DE-21 |v 20230325193336 |3 Klappentext |7 1 |
| 951 | |a BO | ||
| ELC | |b 1 | ||
| LOK | |0 000 xxxxxcx a22 zn 4500 | ||
| LOK | |0 001 4269290722 | ||
| LOK | |0 003 DE-627 | ||
| LOK | |0 004 1833778545 | ||
| LOK | |0 005 20230322095752 | ||
| LOK | |0 008 230209||||||||||||||||ger||||||| | ||
| LOK | |0 040 |a DE-21 |c DE-627 |d DE-21 | ||
| LOK | |0 852 |a DE-21 | ||
| LOK | |0 852 1 |c KB 21 A 2886 |9 00 | ||
| LOK | |0 935 |a krim | ||
| LOK | |0 938 |a 2303 |f 34 | ||
| LOK | |0 939 |a 09-02-23 |b l01 | ||
| ORI | |a SA-MARC-krimdoka001.raw | ||
| SIG | |a UB: KB 21 A 2886 | ||
